| 000 | 00849cab a22001935a 4500 | ||
|---|---|---|---|
| 001 | L156694 | ||
| 008 | 120626e20120623xxk 000 0 eng d | ||
| 035 | _a(Sirsi) u156694 | ||
| 041 | 0 | _aeng | |
| 100 | 1 | _aMartin-Royle, Claire | |
| 245 | 0 | 0 | _aWhen times get tough |
| 260 | _c2012 | ||
| 490 |
_aEstates Gazette _v(1225) 23 June 2012, 80-82(3) |
||
| 520 | _aOffers advice to commercial landlords on how to protect themselves if a tenant goes out of business. Landlords should familiarise themselves with terms of the lease and look out for any indications that tenants are in financial distress such as late payment of rent. Rent deposits and third party security such as guarantees and sureties offer protection against insolvency. | ||
| 590 | _aKA | ||
| 651 | 4 |
_aEngland and Wales _y1543- |
|
| 690 |
_aLandlord and tenant _96252 |
||
| 942 | _n0 | ||
| 999 |
_c84123 _d84123 |
||